Can Africa survive? arguments against growth without development

Αποθηκεύτηκε σε:
Λεπτομέρειες βιβλιογραφικής εγγραφής
Κύριος συγγραφέας: Davidson, Basil, 1914-2010
Μορφή: Βιβλίο
Γλώσσα:English
Δημοσίευση: Boston : Little Brown, 1974.
Θέματα:
Ετικέτες: Προσθήκη ετικέτας
Δεν υπάρχουν, Καταχωρήστε ετικέτα πρώτοι!

MARC

LEADER 00000cam a2200000 a 4500
001 1/113265
008 170308s1974####mau| ||| |||| ||eng||
020 |a 0316174343  
040 |a GR-MyUa  |b gre  |c GR-MyUa  |e AACR2 
041 0 |a eng 
082 7 |a 338.96   |2 (23)  
100 1 |a Davidson, Basil,   |d 1914-2010. 
245 1 0 |a Can Africa survive?   |b arguments against growth without development /  |c Basil Davidson.  
260 |a Boston :   |b Little Brown,   |c 1974.  
300 |a xii, 207 σ. ;   |c 21 εκ.  
504 |a Περιλαμβάνει βιβλιογραφία.  
500 |a "An Atlantic Monthly Press book". 
651 0 |a Africa, Sub-Saharan  |x Economic conditions  |y 1960- 
651 0 |a Africa, Sub-Saharan  |x Politics and government. 
651 0 |a Africa, Sub-Saharan  |x Social conditions  |y 1960- 
852 |a INST  |b LESVOS  |e 20170308  |h 338.96 DAV  |p 005100058838  |q 005100058838  |t BK  |y 0 
970 |a Τζαφέρη  |b Ευαγγελία  |z 08-03-2017